banner koha

Racas fisiologicas de Cercospora sojina Hara agente causal da mancha olho de ra em soja (Glycine max (L.)Merrill) (Registro n. 316524)

MARC details
000 -LÍDER
campo de controle de tamanho fixo 01176naa a22003137a 4500
001 - NÚMERO DE CONTROLE
campo de controle BR8400300
003 - IDENTIFICADOR DO NÚMERO DE CONTROLE
campo de controle BR-BrBNA
005 - DATA E HORÁRIO DA ÚLTIMA TRANSAÇÃO
campo de controle 20240918175412.0
007 - CAMPO FIXO DE DESCRIÇÃO FÍSICA--INFORMAÇÃO GERAL
campo de controle de tamanho fixo ta
008 - CAMPO DE DADOS FIXOS--INFORMAÇÃO GERAL
campo de controle de tamanho fixo 230509b bl.||||| |||| 00| 0 por d
040 ## - FONTE DA CATALOGAÇÃO
Instituição da catalogação original BR-BrBNA
Idioma da catalogação por
Instituição que transcreveu o registro Biblioteca Nacional de Agricultura
041 ## - CÓDIGO DE IDIOMA
Código do idioma do texto/trilha sonora ou título diferente (Pt)
072 ## - CÓDIGO DE CATEGORIA DE ASSUNTO
Código de Categoria de Assunto H20
Código do objeto 0336
-- 4120
090 ## - NÚMERO DE CHAMADA LOCAL
Número de chamada H20 BR8400300
100 1# - ENTRADA PRINCIPAL--NOME PESSOAL
Nome pessoal Casela, C.R.
100 1# - ENTRADA PRINCIPAL--NOME PESSOAL
Nome pessoal Brancao, N.
100 1# - ENTRADA PRINCIPAL--NOME PESSOAL
Nome pessoal Gastal, M.F. da C.
245 1# - TÍTULO
Título Racas fisiologicas de Cercospora sojina Hara agente causal da mancha olho de ra em soja (Glycine max (L.)Merrill)
246 1# - FORMA VARIANTE DO TÍTULO
Título/título abreviado [Physiological breeds of Cercospora sojina Hara causal agent of the frogeye spot in soybean (Glycine max (L.)Merrill)]
246 1# - FORMA VARIANTE DO TÍTULO
Título/título abreviado [Soybean research findings 1980/81]
260 3# - PUBLICAÇÃO, DISTRIBUIÇÃO, ETC.
Local de publicação, distribuição, etc. Pelotas, RS (Brasil):
Data da publicação, distribuição, etc. 1983.
500 ## - NOTA GERAL
Nota geral Resultados de pesquisa de soja 1980/81<br/>Pelotas, RS (Brasil): 1983. p. 87-89<br/>(BR8400300-AM)H20<br/>
650 ## - ASSUNTO--TERMO TÓPICO
Cabeçalho tópico ou nome geográfico SOJA
650 ## - ASSUNTO--TERMO TÓPICO
Cabeçalho tópico ou nome geográfico MANCHA OLHO DE RA
650 ## - ASSUNTO--TERMO TÓPICO
Cabeçalho tópico ou nome geográfico RACA FISIOLOGICA
773 0# - ENTRADA ANALÍTICA
Título Resultados de pesquisa de soja 1980/81
Número de controle do registro H20 BR8400300
Partes relacionadas Pelotas, RS (Brasil), 1983. p. 87-89
909 ## -
-- 202404
-- Lucia
-- 55
-- Lucia Elande
942 ## - ELEMENTOS DE ENTRADA ADICIONADOS (KOHA)
Tipo de material Koha Capítulo-Livro
Fonte da classificação ou esquema de arquivamento na estante Classificação AGRIS
Exemplares
Situação do descarte Fonte da classificação ou esquema de arquivamento na estante Situação física Não pode ser emprestado Coleção Biblioteca de origem Biblioteca atual Localização na estante Total de empréstimos Número de telefone completo Data de último acesso Número do exemplar Tipo de material Koha Situação das perdas Data de aquisição Fonte de aquisição
  Classificação AGRIS       Biblioteca Nacional de Agricultura - Binagri Biblioteca Nacional de Agricultura - Binagri Agrobase - Acervo Geral   0336 BR9602654 20/05/2024 01 Capítulo-Livro   2024-04-11 Portaria Interministerial nº 164/94

BINAGRI

Telefone: (61)3218-2567/2388/3357/2097 - binagri@agro.gov.br

Ministério da Agricultura e Pecuária , Esplanada dos Ministérios, Bloco D, Anexo B, Brasília/DF, CEP: 70.043-900